000 00296nam a22001337a 4500
008 210323b ||||| |||| 00| 0 eng d
041 _aeng
080 _a7
082 _a7
100 _a44
101 _aART
245 _aPattern 100 Fashion Designers 10 Curators
_cPhaidon,
942 _2udc
_cBK
999 _c56683
_d56683